What the Bible teaches. (Record no. 3321)

000 -LEADER
fixed length control field 00654nam a2200193 a 4500
001 - CONTROL NUMBER
control field :::00001051$&:&@@
003 - CONTROL NUMBER IDENTIFIER
control field OkBaRHE
005 - DATE AND TIME OF LATEST TRANSACTION
control field 20000607103241.0
008 - FIXED-LENGTH DATA ELEMENTS--GENERAL INFORMATION
fixed length control field s1933 j 000 0 eng u
040 ## - CATALOGING SOURCE
Transcribing agency
100 1# - MAIN ENTRY--PERSONAL NAME
Personal name Torrey, R. A. (Reuben Archer), 1856-1928.
245 10 - TITLE STATEMENT
Title What the Bible teaches.
260 ## - PUBLICATION, DISTRIBUTION, ETC. (IMPRINT)
Place of publication, distribution, etc [Westwood, NJ.], :
Name of publisher, distributor, etc Fleming H. Revell Co.
Date of publication, distribution, etc c1933
300 ## - PHYSICAL DESCRIPTION
Extent 539 p. ;
Dimensions 23 cm.
650 ## - SUBJECT ADDED ENTRY--TOPICAL TERM
Topical term or geographic name as entry element Bible
General subdivision Theology
942 ## - ADDED ENTRY ELEMENTS (KOHA)
Source of classification or shelving scheme
Koha item type Books
Copies
Lost status Withdrawn status Barcode Permanent Location Price effective from Date acquired Not for loan Date last seen Shelving location Full call number Copy number Koha item type Damaged status Source of classification or shelving scheme
  1051RHEMA Bible Training College2010-04-142010-04-14 2010-04-14General StacksBS 511 .T51Books  
  20590RHEMA Bible Training College2010-04-142010-04-14 2010-04-14General StacksBS 511 .T52Books